000 00302nam a22001337a 4500
999 _c1052
_d1052
003 OSt
005 20170921120411.0
008 160628b xxu||||| |||| 00| 0 eng d
020 _a9780199100583
040 _cTEST
100 _91286
_aKerrod, R
245 _aEarth, Air and Atoms
300 _aEarth, Air and Atoms
942 _2ddc
_cBK